000 00261pab a2200109 454500
008 180718b xxu||||| |||| 00| 0 eng d
100 _aTrikha, N.K.
245 _aPress Control: only from within
650 _aMass Media
773 _aHindustan Times
909 _a23484
999 _c23484
_d23484